Luther or The Sweeney Quiz Stats

 Plays Quiz not verified by Sporcle

Support Sporcle.
Go Orange.
Score 0/23 Timer 02:00
0 Plays Today
% Correct
???
34.1%
???
33.5%
???
31.7%
???
31.7%
???
31.1%
???
31.1%
???
29.9%
???
29.3%
???
29.3%
???
29.3%
???
28%
???
28%
% Correct
???
27.4%
???
26.8%
???
26.2%
???
26.2%
???
26.2%
???
25.6%
???
25%
???
24.4%
???
23.8%
???
23.8%
???
23.2%

You're not logged in!

Compare scores with friends on all Sporcle quizzes.
OR
Log In

From the Vault

States That Border Nevada

by scole9179

What happens in this quiz, stays in this quiz.
Remove Ads.
Support Sporcle.
Get the best of Sporcle when you Go Orange. This ad-free experience offers more features, more stats, and more fun while also helping to support Sporcle. Thank you for becoming a member.

Show Comments

Extras

Created Jan 26, 2020ReportNominate
Tags:Clickable Quiz, Luther, Sweeney

Top Quizzes Today


Score Distribution

Your Account Isn't Verified!

In order to create a playlist on Sporcle, you need to verify the email address you used during registration. Go to your Sporcle Settings to finish the process.

Report this User

Report this user for behavior that violates our Community Guidelines.

Details: